Biología
Bewaard in:
| Hoofdauteur: | |
|---|---|
| Andere auteurs: | |
| Formaat: | Boek |
| Taal: | Spaans |
| Gepubliceerd in: |
Buenos Aires
Panamericana
1993
|
| Editie: | Quinta edición |
| Onderwerpen: | |
| Tags: |
Voeg label toe
Geen labels, Wees de eerste die dit record labelt!
|
MARC
| LEADER | 00000nam a2200000 a 4500 | ||
|---|---|---|---|
| 001 | UCX8742 | ||
| 003 | CL-VaPUC | ||
| 005 | 20230112074250.0 | ||
| 008 | 940422e19930000AG |||||||||||||||||spa|d | ||
| 999 | |c 228156 |d 228154 | ||
| 040 | |c Pontificia Universidad Católica de Valparaíso | ||
| 082 | 0 | 4 | |a 570 CUR 1993 |2 21 |
| 100 | 0 | |a Curtis, Helena |9 325940 | |
| 245 | 1 | 0 | |a Biología |
| 250 | |a Quinta edición | ||
| 260 | |a Buenos Aires |b Panamericana |c 1993 | ||
| 300 | |a 1199 páginas | ||
| 583 | |a last modification |c 20171031 11:00:14 |k Rodrigo Vera | ||
| 650 | 0 | |a Biología |9 262022 | |
| 650 | 0 | |a Botánica |9 264202 | |
| 650 | 0 | |a Ecología |9 258124 | |
| 700 | 0 | |a Barnes, N. Sue |9 325941 | |
| 942 | |c BK |2 ddc | ||
| 945 | |d 19940422 00:00:00 |a mfernand | ||
| 952 | |0 0 |1 0 |2 ddc |4 0 |6 570_000000000000000_CUR_1993 |7 0 |8 A |9 227872 |a BIBCUR |b BIBCUR |d 2019-11-15 |i 3326195 |o 570 CUR 1993 |p 3326195 |r 2025-04-22 |t 1 |w 2019-11-15 |y BK |k BAC | ||
| 952 | |0 0 |1 0 |2 ddc |4 0 |6 570_000000000000000_CUR_1993 |7 0 |8 A |9 227877 |a BIBCUR |b BIBCUR |c PAC |d 2019-11-15 |i 3330834 |o 570 CUR 1993 |p 3330834 |r 2025-04-22 |t 6 |w 2019-11-15 |y BK |k BAC | ||
| 952 | |0 0 |1 0 |2 ddc |4 0 |6 570_000000000000000_CUR_1993 |7 0 |8 A |9 227878 |a BIBCUR |b BIBCUR |d 2019-11-15 |i 3330842 |o 570 CUR 1993 |p 3330842 |r 2025-04-22 |t 7 |w 2019-11-15 |y BK |k BAC | ||
| 952 | |0 0 |1 0 |2 ddc |4 0 |6 570_000000000000000_CUR_1993 |7 0 |8 A |9 227879 |a BIBCUR |b BIBCUR |d 2019-11-15 |i 3330850 |o 570 CUR 1993 |p 3330850 |r 2025-04-22 |t 8 |w 2019-11-15 |y BK |k BAC | ||
| 952 | |0 0 |1 0 |2 ddc |4 0 |6 570_000000000000000_CUR_1993 |7 0 |8 A |9 227880 |a BIBCUR |b BIBCUR |d 2019-11-15 |i 3330869 |l 2 |o 570 CUR 1993 |p 3330869 |r 2025-04-22 |s 2023-08-11 |t 9 |w 2019-11-15 |y BK |k BAC | ||
| 952 | |0 0 |1 0 |2 ddc |4 0 |6 570_000000000000000_CUR_1993 |7 0 |8 A |9 227882 |a BIBCUR |b BIBCUR |c PAC |d 2019-11-15 |i 2611775 |o 570 CUR 1993 |p 2611775 |r 2025-04-22 |t 11 |w 2019-11-15 |y BK |k BIO | ||
| 952 | |0 0 |1 0 |2 ddc |4 0 |6 570_000000000000000_CUR_1993 |7 0 |8 A |9 227884 |a BIBCUR |b BIBCUR |d 2019-11-15 |i 3352579 |o 570 CUR 1993 |p 3352579 |r 2025-04-22 |t 13 |w 2019-11-15 |y BK |k BIO | ||
| 952 | |0 0 |1 0 |2 ddc |4 0 |6 570_000000000000000_CUR_1993 |7 0 |8 A |9 227885 |a BIBCUR |b BIBCUR |d 2019-11-15 |i 3352587 |o 570 CUR 1993 |p 3352587 |r 2025-04-22 |t 14 |w 2019-11-15 |y BK |k BIO | ||
| 952 | |0 0 |1 0 |2 ddc |4 0 |6 570_000000000000000_CUR_1993 |7 0 |8 A |9 227890 |a BIBCUR |b BIBCUR |d 2019-11-15 |i 3567907 |l 3 |o 570 CUR 1993 |p 3567907 |r 2025-04-22 |s 2024-09-11 |t 15 |w 2019-11-15 |y BK |k BCB | ||
| 952 | |0 0 |1 0 |2 ddc |4 0 |6 570_000000000000000_CUR_1993 |7 0 |8 A |9 227891 |a BIBCUR |b BIBCUR |d 2019-11-15 |i 3644677 |o 570 CUR 1993 |p 3644677 |r 2025-04-22 |t 16 |w 2019-11-15 |y BK |k BIO | ||